Metodología de la investigación
Uloženo v:
| Hlavní autor: | |
|---|---|
| Médium: | Text |
| Vydáno: |
La Habana:
Centro de Estudios Demogáficos. CEDEM. Universidad de la Habana
|
| Témata: | |
| Tagy: |
Přidat tag
Žádné tagy, Buďte první, kdo vytvoří štítek k tomuto záznamu!
|
MARC
| LEADER | 00000 a a2200000 04500 | ||
|---|---|---|---|
| 001 | 37232 | ||
| 003 | |||
| 040 | |||
| 020 | |a 959-7005-02-6 | ||
| 022 | |a 959-7005-02-6 | ||
| 090 | |a 1001 B928m | ||
| 100 | |a Bueno Sanchéz, Eramis | ||
| 245 | |a Metodología de la investigación | ||
| 260 | |a La Habana: |b Centro de Estudios Demogáficos. CEDEM. Universidad de la Habana | ||
| 300 | |a 187 p. |b gráficas | ||
| 650 | |a METODOLOGIA | ||
| 650 | |a INVESTIGACION | ||
| 650 | |a CONOCIMIENTO | ||
| 650 | |a CIENCIA | ||
| 999 | |c 10369 |d 10369 | ||



